Pierre et Gilles : Sailors & sea /
I tiakina i:
| Kaituhi matua: | |
|---|---|
| Ētahi atu kaituhi: | , , , |
| Hōputu: | Pukapuka |
| Reo: | Ingarihi Tiamana Wīwī |
| I whakaputaina: |
Köln [etc] :
Taschen,
2005
|
| Rangatū: | Icons
|
| Ngā Tūtohu: |
Kāore He Tūtohu, Me noho koe te mea tuatahi ki te tūtohu i tēnei pūkete!
|
MARC
| LEADER | 00000nam a22000007i 4500 | ||
|---|---|---|---|
| 001 | IT\ICCU\UBO\2943194 | ||
| 003 | ItRI | ||
| 005 | 20260226162507.0 | ||
| 008 | 060328s2005 gw |||||| ||||| |||||c | ||
| 020 | |a 3822838594 | ||
| 040 | |b ita |c C | ||
| 041 | 7 | |a eng |a ger |a fre |2 ISO-639-2 | |
| 100 | 0 | |a Pierre et Gilles |0 IT\ICCU\UBOV\380614 |4 aut | |
| 245 | 1 | 0 | |a Pierre et Gilles : |b Sailors & sea / |c introduction Eric Troncy ; design Philippe Morillon ; english translation Chris Miller ; German translation Uta Grosenick. |
| 260 | |a Köln [etc] : |b Taschen, |c 2005 | ||
| 300 | |a 192 p. : |b in gran parte ill. ; |c 21 cm. | ||
| 700 | 1 | |a Grosenick, Uta, |d (1960-) |0 IT\ICCU\MILV\229217 | |
| 700 | 1 | |a Troncy, Eric |0 IT\ICCU\NAPV\075688 | |
| 700 | 1 | |a Morillon, Philippe |0 IT\ICCU\PUVV\179406 | |
| 700 | 1 | |a Miller, Chris |0 IT\ICCU\UBOV\023310 | |
| 830 | 0 | |a Icons |0 IT\ICCU\BAS\0262628 | |
| 942 | |2 ddc |c BK | ||
| 952 | |0 0 |1 0 |2 ddc |4 0 |6 020_779_370000000000000_PIE_SAI |7 1 |9 708 |a MO |b MO |d 2024-02-23 |l 0 |o [020] 779.37 PIE SAI |p 9004 |r 2024-02-23 23:19:19 |w 2024-02-23 |y BK | ||
| 952 | |0 0 |1 0 |2 ddc |4 0 |6 P__16_000000000000000 |7 0 |9 9753 |a VT |b VT |d 2025-10-17 |e Deposito Giordano Piccirilli |i PIC53 |l 0 |o P.16 |p PIC53 |r 2025-10-17 12:29:23 |w 2025-10-17 |y BK |z Deposito Giordano Piccirilli | ||
| 952 | |0 0 |1 0 |4 0 |6 DOC_779_209000000000000_PIE |7 0 |9 14254 |a BO |b BO |d 2026-01-15 |i 11250 |l 0 |o DOC 779.209 PIE |p BO11250 |r 2026-01-15 23:18:41 |w 2026-01-15 |x [Sebina 7] [1 v.] |y BK |z 1 v. | ||
| 999 | |c 667 |d 667 | ||